| 000 | 00000nas 2200000za 4500 |
| 001 | 9.505296 |
| 003 | CaOODSP |
| 005 | 20221107133500 |
| 007 | cr ||||||||||| |
| 008 | 150406c20079999onc x m o||||f0 a0eng|d |
| 040 | |aCaOODSP|beng |
| 043 | |an-cn--- |
| 086 | 1 |aCC173-3/4E-PDF |
| 130 | 0 |aRegulatory document (Canadian Nuclear Safety Commission) |
| 245 | 10|aRegulatory document |h[electronic resource] / |cCanadian Nuclear Safety Commission. |
| 260 | |aOttawa : |bCanadian Nuclear Safety Commission, |c[2007?]- |
| 310 | |aIrregular |
| 500 | |aIssued also in French under title: Document d'application de la réglementation. |
| 710 | 2 |aCanadian Nuclear Safety Commission. |
| 775 | 08|tDocument d'application de la réglementation |w(CaOODSP)9.501696 |